| 000 | 01515nam a2200217Ia 4500 | ||
|---|---|---|---|
| 003 | Ost | ||
| 005 | 20260507075111.0 | ||
| 008 | 260507s9999||||xx |||||||||||||| ||und|| | ||
| 020 | _aْْX599327977 | ||
| 040 | _cfsecg | ||
| 041 | _aara | ||
| 082 | _a330 | ||
| 100 |
_aالعتيقي، إبراهيم مرعي _eمؤلف |
||
| 245 | 0 |
_aسياسات مؤسسات النقد الدولية و التعليم : _bدراسة تحليلية / _c إبراهيم مرعي العتيقي |
|
| 260 |
_aالاسكندرية: _bدار الوفاء لدنيا الطباعة و النشر, _c2006 |
||
| 300 |
_a467 صفحة؛ _bإيضاحات ؛ _c24 سم |
||
| 504 | _aببليوغرافيا:ص.419-459؛فهرس الجداول والأشكال:ص.466-467 | ||
| 520 | _aأهم التغيرات العالمية المعاصرة التي تؤثر في النظم والسياسات التعليمية،مؤسسات النقد الدولية:التوجهات العامة وسياسة التعليم؛السياسة التعليمية في مصر وأهم القوى المؤثرة فيها،مؤسسات النقد الدولية والسياسة التعليمية في مصر،الانعكاسات المباشرة لسياسات مؤسسات النقد الدولية على التعليم في مصر،الانعكاسات غير المباشرة لسياسات مؤسسات النقد الدولية على التعليم في مصر | ||
| 653 | _aصندوق النقد الدولي،تعليم | ||
| 942 | _cكتاب | ||
| 999 |
_c42919 _d42919 |
||